| Поле | Инд. | ПП | Название | Значение |
|---|---|---|---|---|
| Тип записи | a | |||
| Библиографический уровень | a | |||
| 001 | Контрольный номер | RU/REP/BASE/00061140 | ||
| 005 | Дата корректировки | 20230330112443.2 | ||
| 200 | 1_ | a | Заглавие | Работник как сторона трудового договора с религиозной организацией |
| f | Первые сведения об ответственности | Н.Н. Яворчук | ||
| 210 | 1_ | a | Место издания | Краснодар; СПб. |
| c | Издательство | Изд-во Р. Асланова Юр. центр Пресс | ||
| d | Дата издания | 2008 | ||
| 330 | a | Аннотация | Критерии трудовой правосубъектности. Дискриминация. Правовое регулирование труда духовных лиц. Безвозмездный труд. | |
| 463 | _0 | 1 | 001RU/REP/BASE/00060570 | |
| 1 | 2001 | |||
| a | Актуальные проблемы развития судебной системы и системы добровольного и принудительного исполнения решений Конституционного Суда РФ, судов общей юрисдикции, арбитражных, третейских судов и Европейского суда по правам человека | |||
| v | С. 870-882 | |||
| 1 | 210 | |||
| d | 2008 | |||
| 610 | 0_ | a | Ключевые слова | ТРУДОВОЕ ПРАВО РФ, ТРУДОВОЙ ДОГОВОР, НЕСОВЕРШЕННОЛЕТНИЕ, РЕЛИГИОЗНЫЕ ОБЪЕДИНЕНИЯ, ДИСКРИМИНАЦИЯ |
| 686 | v | Номер издания | LBC/SL-A | |
| 2 | Код системы | rubbk | ||
| a | Систематический индекс | 67.99(2)90 | ||
| 700 | _1 | a | Фамилия | Яворчук |
| b | Имя | Н.Н. | ||
| 852 | i | Авторский знак | А43 | |
| j | Полочный индекс | 67.99(2)90 | ||
| 901 | w | Контрольный № источника | RU/REP/BASE/00060570 | |
| t | Тип документа | a | ||
| 905 | a | Дата ввода | 20230330 |